[Event "NOR-ch Elite 2019"]
[Site "Larvik"]
[Date "2019.07.09"]
[Round "5.7"]
[White "Mihajlov, Sebastian"]
[Black "Haldorsen, Benjamin"]
[Result "1/2-1/2"]
[WhiteElo "2375"]
[BlackElo "2444"]
[Annotator "NA"]
[PlyCount "82"]
[EventDate "2019.07.05"]
[EventType "swiss"]
[EventCountry "NOR"]
[SourceTitle "playchess.com"]
[Source "ChessBase"]
[SourceQuality "1"]
[TimeControl "40/5400+30:1800+30"]

1. d4 {[%emt 0:22:58]} Nf6 {[%emt 0:00:00]} 2. Nf3 {[%emt 0:00:35]} c5 {[%emt 0:00:01]} 3. e3 {[%emt 0:03:33]} b6 {[%emt 0:01:05]} 4. Bd3 {[%emt 0:01:20]} Bb7 {[%emt 0:00:21]} 5. O-O {[%emt 0:00:06]} e6 {[%emt 0:01:40]} 6. b3 {[%emt 0:00:09]} Nc6 {[%emt 0:04:59]} 7. Bb2 {[%emt 0:01:42]} Nb4 {[%emt 0:05:12]} 8. Be2 {[%emt 0:00:04]} Qc7 {[%emt 0:03:43]} 9. a3 {[%emt 0:02:47]} Nc6 {[%emt 0:00:13]} 10. c4 {[%emt 0:00:07]} cxd4 {[%emt 0:05:44]} 11. exd4 {[%emt 0:03:31]} d5 {[%emt 0:02:56]} 12. Nbd2 {[%emt 0:12:27]} Bd6 {[%emt 0:11:31]} 13. Rc1 {[%emt 0:00:52]} O-O {[%emt 0:02:58]} 14. c5 {[%emt 0:23:58]} bxc5 {[%emt 0:03:10]} 15. dxc5 {[%emt 0:00:01]} Bf4 {[%emt 0:00:17]} 16. b4 {[%emt 0:00:06]} a6 {[%emt 0:01:01]} 17. g3 {[%emt 0:02:24]} Bh6 {[%emt 0:00:15]} 18. Nh4 {[%emt 0:02:46]} Ne4 {[%emt 0:16:08]} 19. f4 {[%emt 0:01:49]} Rfd8 {[%emt 0:00:33]} 20. Qc2 {[%emt 0:02:53]} Rab8 {[%emt 0:09:35]} 21. Nb3 {[%emt 0:03:32]} f6 {[%emt 0:11:52]} 22. Rcd1 {[%emt 0:00:36]} Kh8 {[%emt 0:01:36]} 23. Bd3 {[%emt 0:01:49]} Rd7 {[%emt 0:02:32]} 24. Qe2 {[%emt 0:00:24]} Rdd8 {[%emt 0:05:50]} 25. Bxa6 {[%emt 0:03:30]} Bxa6 {[%emt 0:00:53]} 26. Qxa6 {[%emt 0:00:01]} e5 {[%emt 0:02:16]} 27. Nf5 {[%emt 0:00:15]} exf4 {[%emt 0:00:12]} 28. Nxh6 {[%emt 0:02:17]} fxg3 {[%emt 0:00:09]} 29. Qe2 {[%emt 0:00:04]} Nxb4 {[%emt 0:01:26]} 30. axb4 {[%emt 0:00:03]} Rxb4 {[%emt 0:00:12]} 31. Rd3 {[%emt 0:00:42]} Rdb8 {[%emt 0:02:21]} 32. Rff3 {[%emt 0:03:33]} gxh2+ {[%emt 0:01:26]} 33. Qxh2 {[%emt 0:00:18]} Qxh2+ {[%emt 0:01:13]} 34. Kxh2 {[%emt 0:00:03]} Nxc5 {[%emt 0:00:09]} 35. Nxc5 {[%emt 0:00:05]} Rxb2+ {[%emt 0:00:08]} 36. Kh3 {[%emt 0:00:04]} gxh6 {[%emt 0:00:10]} 37. Nd7 {[%emt 0:00:15]} Rd8 {[%emt 0:02:09]} 38. Nxf6 {[%emt 0:00:24]} d4 {[%emt 0:00:33]} 39. Rg3 {[%emt 0:00:14]} Rb4 {[%emt 0:01:08]} 40. Rd2 {[%emt 0:00:53]} Rc4 {[%emt 0:01:27]} 41. Rdg2 {[%emt 0:30:24]} Rc3 {[%emt 0:30:23]} 1/2-1/2

[Event "NOR-ch Elite 2019"]
[Site "Larvik"]
[Date "2019.07.09"]
[Round "5.8"]
[White "Haug, Johannes"]
[Black "Moen, Andreas G.R."]
[Result "1-0"]
[WhiteElo "2431"]
[BlackElo "2322"]
[Annotator "NA"]
[PlyCount "57"]
[EventDate "2019.07.05"]
[EventType "swiss"]
[EventCountry "NOR"]
[SourceTitle "playchess.com"]
[Source "ChessBase"]
[SourceQuality "1"]
[TimeControl "40/5400+30:1800+30"]

1. d4 {[%emt 0:00:38]} Nf6 {[%emt 0:02:37]} 2. Nf3 {[%emt 0:00:15]} d5 {[%emt 0:01:33]} 3. e3 {[%emt 0:00:05]} c5 {[%emt 0:06:45]} 4. Nbd2 {[%emt 0:03:04]} cxd4 {[%emt 0:09:57]} 5. exd4 {[%emt 0:00:26]} Nc6 {[%emt 0:00:06]} 6. c3 {[%emt 0:02:22]} a6 {[%emt 0:02:36]} 7. Bd3 {[%emt 0:00:07]} Bg4 {[%emt 0:00:04]} 8. O-O {[%emt 0:02:58]} e6 {[%emt 0:00:38]} 9. Qe1 {[%emt 0:03:13]} Bh5 {[%emt 0:13:13]} 10. Ne5 {[%emt 0:03:43]} Nxe5 {[%emt 0:03:04]} 11. dxe5 {[%emt 0:00:06]} Nd7 {[%emt 0:00:04]} 12. f4 {[%emt 0:05:40]} Nc5 {[%emt 0:00:59]} 13. Bb1 {[%emt 0:08:35]} Bg6 {[%emt 0:01:16]} 14. Nf3 {[%emt 0:03:43]} Nd3 {[%emt 0:19:28]} 15. Bxd3 {[%emt 0:03:21]} Bxd3 {[%emt 0:00:35]} 16. Rf2 {[%emt 0:00:04]} Be4 {[%emt 0:04:34]} 17. Be3 {[%emt 0:03:28]} Rc8 {[%emt 0:00:54]} 18. Nd4 {[%emt 0:04:39]} Bc5 {[%emt 0:01:10]} 19. b4 {[%emt 0:09:23]} Be7 {[%emt 0:05:16]} 20. f5 {[%emt 0:05:59]} exf5 {[%emt 0:01:33]} 21. Nxf5 {[%emt 0:00:42]} Bxf5 {[%emt 0:01:01]} 22. Rxf5 {[%emt 0:00:03]} Qd7 {[%emt 0:01:48]} 23. Qf2 {[%emt 0:05:38]} Rxc3 {[%emt 0:04:02]} 24. Rf1 {[%emt 0:05:01]} O-O {[%emt 0:02:41]} 25. Rxf7 {[%emt 0:01:37]} Qe8 {[%emt 0:05:26]} 26. e6 {[%emt 0:11:01]} Bf6 {[%emt 0:05:40]} 27. Bd4 {[%emt 0:03:16]} Rc2 {[%emt 0:03:35]} 28. Qxc2 {[%emt 0:00:24]} Bxd4+ {[%emt 0:00:06]} 29. Kh1 {[%emt 0:00:08]} 1-0

[Event "NOR-ch Elite 2019"]
[Site "Larvik"]
[Date "2019.07.09"]
[Round "5.9"]
[White "Mikalsen, Erlend"]
[Black "Andersen, Alf Roger"]
[Result "1/2-1/2"]
[WhiteElo "2404"]
[BlackElo "2149"]
[Annotator "NA"]
[PlyCount "61"]
[EventDate "2019.07.05"]
[EventType "swiss"]
[EventCountry "NOR"]
[SourceTitle "playchess.com"]
[Source "ChessBase"]
[SourceQuality "1"]
[TimeControl "40/5400+30:1800+30"]

1. e4 {[%emt 0:23:10]} e6 {[%emt 0:00:00]} 2. d4 {[%emt 0:00:05]} d5 {[%emt 0:00:00]} 3. Nc3 {[%emt 0:00:05]} Nf6 {[%emt 0:00:00]} 4. Bg5 {[%emt 0:00:05]} Bb4 {[%emt 0:00:09]} 5. e5 {[%emt 0:00:07]} h6 {[%emt 0:00:11]} 6. Bc1 {[%emt 0:00:30]} Ne4 {[%emt 0:01:27]} 7. Qg4 {[%emt 0:00:08]} g6 {[%emt 0:04:29]} 8. a3 {[%emt 0:00:06]} Bxc3+ {[%emt 0:02:31]} 9. bxc3 {[%emt 0:00:06]} c5 {[%emt 0:10:50]} 10. Bd3 {[%emt 0:01:41]} Qa5 {[%emt 0:09:57]} 11. Ne2 {[%emt 0:00:48]} cxd4 {[%emt 0:02:22]} 12. O-O {[%emt 0:10:29]} dxc3 {[%emt 0:09:11]} 13. Bxe4 {[%emt 0:02:21]} dxe4 {[%emt 0:00:07]} 14. Qg3 {[%emt 0:03:24]} Nc6 {[%emt 0:07:20]} 15. Nxc3 {[%emt 0:00:34]} Nd4 {[%emt 0:04:42]} 16. Kh1 {[%emt 0:11:54]} Nf5 {[%emt 0:03:51]} 17. Qh3 {[%emt 0:00:04]} e3 {[%emt 0:01:17]} 18. Bb2 {[%emt 0:01:15]} exf2 {[%emt 0:14:21]} 19. Ne4 {[%emt 0:01:09]} Kf8 {[%emt 0:07:37]} 20. Rad1 {[%emt 0:04:49]} Qb5 {[%emt 0:06:37]} 21. Bc3 {[%emt 0:08:03]} Qe2 {[%emt 0:00:16]} 22. Qd3 {[%emt 0:02:19]} Qxd3 {[%emt 0:00:58]} 23. Rxd3 {[%emt 0:00:04]} b6 {[%emt 0:01:03]} 24. Rxf2 {[%emt 0:00:43]} Kg7 {[%emt 0:01:48]} 25. Nd6 {[%emt 0:00:20]} Ba6 {[%emt 0:02:09]} 26. Rdf3 {[%emt 0:01:02]} h5 {[%emt 0:02:53]} 27. Nxf5+ {[%emt 0:00:27]} gxf5 {[%emt 0:00:23]} 28. Rg3+ {[%emt 0:00:07]} Kf8 {[%emt 0:01:23]} 29. Rd2 {[%emt 0:00:14]} Ke8 {[%emt 0:01:48]} 30. Bb4 {[%emt 0:00:42]} Rd8 {[%emt 0:01:08]} 31. Bd6 {[%emt 0:04:50]} 1/2-1/2

[Event "NOR-ch Elite 2019"]
[Site "Larvik"]
[Date "2019.07.09"]
[Round "5.10"]
[White "Tryggestad, Andreas Garberg"]
[Black "Kaasen, Tor Fredrik"]
[Result "1-0"]
[WhiteElo "2336"]
[BlackElo "2376"]
[Annotator "NA"]
[PlyCount "155"]
[EventDate "2019.07.05"]
[EventType "swiss"]
[EventCountry "NOR"]
[SourceTitle "playchess.com"]
[Source "ChessBase"]
[SourceQuality "1"]
[TimeControl "40/5400+30:1800+30"]

1. d4 {[%emt 0:00:00]} Nf6 {[%emt 0:05:39]} 2. c4 {[%emt 0:00:00]} g6 {[%emt 0:00:20]} 3. Nc3 {[%emt 0:00:00]} d5 {[%emt 0:00:30]} 4. cxd5 {[%emt 0:00:00]} Nxd5 {[%emt 0:00:05]} 5. e4 {[%emt 0:00:00]} Nxc3 {[%emt 0:00:07]} 6. bxc3 {[%emt 0:00:02]} Bg7 {[%emt 0:00:06]} 7. Nf3 {[%emt 0:00:05]} c5 {[%emt 0:00:21]} 8. Rb1 {[%emt 0:01:51]} O-O {[%emt 0:01:22]} 9. Be2 {[%emt 0:00:51]} b6 {[%emt 0:01:23]} 10. O-O {[%emt 0:00:39]} e6 {[%emt 0:02:15]} 11. Bg5 {[%emt 0:14:21]} Qd6 {[%emt 0:06:41]} 12. e5 {[%emt 0:04:04]} Qc7 {[%emt 0:02:41]} 13. Nd2 {[%emt 0:08:22]} Bb7 {[%emt 0:05:35]} 14. Nc4 {[%emt 0:00:36]} Bd5 {[%emt 0:02:04]} 15. Ne3 {[%emt 0:05:39]} Be4 {[%emt 0:07:19]} 16. Bd3 {[%emt 0:00:28]} Bxd3 {[%emt 0:01:52]} 17. Qxd3 {[%emt 0:00:06]} Nd7 {[%emt 0:03:19]} 18. Qe4 {[%emt 0:10:56]} Rae8 {[%emt 0:11:44]} 19. Bf4 {[%emt 0:04:28]} Rc8 {[%emt 0:01:15]} 20. h4 {[%emt 0:17:29]} Qc6 {[%emt 0:03:54]} 21. Qd3 {[%emt 0:00:23]} Rfd8 {[%emt 0:02:01]} 22. Qa6 {[%emt 0:02:19]} Rc7 {[%emt 0:07:23]} 23. Rfd1 {[%emt 0:10:31]} Nb8 {[%emt 0:01:48]} 24. Qe2 {[%emt 0:01:26]} Rcd7 {[%emt 0:14:05]} 25. Bg5 {[%emt 0:01:12]} Rc8 {[%emt 0:00:14]} 26. h5 {[%emt 0:08:23]} gxh5 {[%emt 0:05:18]} 27. d5 {[%emt 0:03:20]} exd5 {[%emt 0:00:20]} 28. Nf5 {[%emt 0:00:02]} Qg6 {[%emt 0:04:46]} 29. Ne7+ {[%emt 0:00:18]} Rxe7 {[%emt 0:00:04]} 30. Bxe7 {[%emt 0:00:01]} Re8 {[%emt 0:00:09]} 31. Bh4 {[%emt 0:00:27]} Rxe5 {[%emt 0:00:55]} 32. Qb5 {[%emt 0:01:29]} Nc6 {[%emt 0:01:59]} 33. Qa6 {[%emt 0:01:21]} Re4 {[%emt 0:02:18]} 34. Qc8+ {[%emt 0:00:27]} Bf8 {[%emt 0:00:03]} 35. Qh3 {[%emt 0:01:25]} Ne5 {[%emt 0:02:06]} 36. Kh1 {[%emt 0:00:25]} Qe6 {[%emt 0:01:36]} 37. Bg3 {[%emt 0:01:05]} h4 {[%emt 0:00:35]} 38. Bxe5 {[%emt 0:02:04]} Qxh3+ {[%emt 0:02:19]} 39. gxh3 {[%emt 0:00:01]} Rxe5 {[%emt 0:00:06]} 40. Rd3 {[%emt 0:01:59]} Bg7 {[%emt 0:00:14]} 41. Rbd1 {[%emt 0:30:18]} Re2 {[%emt 0:30:58]} 42. Re3 {[%emt 0:00:00]} Rxe3 {[%emt 0:00:00]} 43. fxe3 {[%emt 0:00:00]} Bxc3 {[%emt 0:00:00]} 44. Rxd5 {[%emt 0:00:00]} c4 {[%emt 0:00:00]} 45. Kg2 {[%emt 0:00:00]} Kf8 {[%emt 0:00:00]} 46. Rd7 {[%emt 0:00:00]} Bb4 {[%emt 0:00:00]} 47. Kf3 {[%emt 0:00:00]} c3 {[%emt 0:00:00]} 48. Ke2 {[%emt 0:00:00]} c2 {[%emt 0:00:00]} 49. Rc7 {[%emt 0:00:00]} Bc5 {[%emt 0:00:00]} 50. Kd2 {[%emt 0:00:00]} c1=Q+ {[%emt 0:00:00]} 51. Kxc1 {[%emt 0:00:00]} Bxe3+ {[%emt 0:00:00]} 52. Kc2 {[%emt 0:00:00]} a5 {[%emt 0:00:00]} 53. Kd3 {[%emt 0:00:00]} Bc5 {[%emt 0:00:00]} 54. a4 {[%emt 0:00:00]} Kg7 {[%emt 0:00:00]} 55. Ke4 {[%emt 0:00:00]} Kg6 {[%emt 0:00:00]} 56. Rc6+ {[%emt 0:00:00]} Kg5 {[%emt 0:00:48]} 57. Rc7 {[%emt 0:00:00]} f5+ {[%emt 0:02:37]} 58. Ke5 {[%emt 0:00:00]} f4 {[%emt 0:00:56]} 59. Rg7+ {[%emt 0:00:50]} Kh6 {[%emt 0:00:16]} 60. Rf7 {[%emt 0:00:08]} Be3 {[%emt 0:00:25]} 61. Kf5 {[%emt 0:02:34]} Bf2 {[%emt 0:05:19]} 62. Kxf4 {[%emt 0:00:25]} Kg6 {[%emt 0:00:05]} 63. Re7 {[%emt 0:00:17]} Kf6 {[%emt 0:00:45]} 64. Rxh7 {[%emt 0:00:07]} Ke6 {[%emt 0:00:05]} 65. Ke4 {[%emt 0:00:46]} Kd6 {[%emt 0:00:08]} 66. Rh5 {[%emt 0:00:13]} Kc6 {[%emt 0:00:08]} 67. Kd3 {[%emt 0:00:17]} Kb7 {[%emt 0:00:51]} 68. Kc4 {[%emt 0:00:08]} Ka6 {[%emt 0:00:04]} 69. Rh7 {[%emt 0:02:14]} Bg3 {[%emt 0:00:22]} 70. Kd5 {[%emt 0:00:08]} Bf2 {[%emt 0:00:38]} 71. Kc6 {[%emt 0:00:27]} Bg3 {[%emt 0:00:52]} 72. Rh8 {[%emt 0:03:45]} Ka7 {[%emt 0:00:03]} 73. Kb5 {[%emt 0:00:02]} Bf2 {[%emt 0:00:06]} 74. Rh7+ {[%emt 0:02:13]} Kb8 {[%emt 0:00:10]} 75. Kc6 {[%emt 0:00:49]} Ka8 {[%emt 0:00:13]} 76. Rf7 {[%emt 0:01:29]} Be3 {[%emt 0:00:49]} 77. Rf3 {[%emt 0:00:24]} Bc5 {[%emt 0:01:18]} 78. Rf4 {[%emt 0:00:05]} 1-0

[Event "NOR-ch Elite 2019"]
[Site "Larvik"]
[Date "2019.07.09"]
[Round "5.11"]
[White "Ranaldi, Lucas"]
[Black "Risting, Eivind Olav"]
[Result "1-0"]
[WhiteElo "2262"]
[BlackElo "2314"]
[Annotator "NA"]
[PlyCount "79"]
[EventDate "2019.07.05"]
[EventType "swiss"]
[EventCountry "NOR"]
[SourceTitle "playchess.com"]
[Source "ChessBase"]
[SourceQuality "1"]
[TimeControl "40/5400+30:1800+30"]

1. Nf3 {[%emt 0:00:00]} d5 {[%emt 0:01:58]} 2. e3 {[%emt 0:00:00]} Nf6 {[%emt 0:00:31]} 3. c4 {[%emt 0:00:00]} e6 {[%emt 0:00:41]} 4. b3 {[%emt 0:00:05]} b6 {[%emt 0:05:12]} 5. Bb2 {[%emt 0:01:49]} Bd6 {[%emt 0:02:51]} 6. cxd5 {[%emt 0:07:04]} exd5 {[%emt 0:00:20]} 7. Be2 {[%emt 0:00:31]} O-O {[%emt 0:01:25]} 8. O-O {[%emt 0:00:17]} Qe7 {[%emt 0:09:46]} 9. Nc3 {[%emt 0:02:05]} c6 {[%emt 0:05:42]} 10. Qc2 {[%emt 0:03:37]} Re8 {[%emt 0:13:41]} 11. Rfe1 {[%emt 0:08:06]} Bb7 {[%emt 0:06:34]} 12. Bf1 {[%emt 0:12:19]} Nbd7 {[%emt 0:01:31]} 13. g3 {[%emt 0:15:06]} Nc5 {[%emt 0:07:12]} 14. d3 {[%emt 0:02:18]} a5 {[%emt 0:16:42]} 15. Bg2 {[%emt 0:03:29]} a4 {[%emt 0:07:29]} 16. Rad1 {[%emt 0:07:56]} axb3 {[%emt 0:01:42]} 17. axb3 {[%emt 0:00:02]} Na6 {[%emt 0:02:28]} 18. e4 {[%emt 0:00:49]} dxe4 {[%emt 0:01:50]} 19. dxe4 {[%emt 0:00:40]} Nb4 {[%emt 0:02:21]} 20. Qb1 {[%emt 0:02:47]} Ng4 {[%emt 0:01:20]} 21. h3 {[%emt 0:05:42]} Ne5 {[%emt 0:02:30]} 22. Nd4 {[%emt 0:00:12]} Qc7 {[%emt 0:01:58]} 23. Ndb5 {[%emt 0:02:52]} cxb5 {[%emt 0:00:06]} 24. Nxb5 {[%emt 0:00:07]} Qc6 {[%emt 0:04:48]} 25. Nxd6 {[%emt 0:00:28]} Re7 {[%emt 0:01:05]} 26. Nf5 {[%emt 0:02:57]} Ree8 {[%emt 0:00:26]} 27. f4 {[%emt 0:00:57]} Ng6 {[%emt 0:00:35]} 28. Nxg7 {[%emt 0:00:55]} Red8 {[%emt 0:00:22]} 29. Nf5 {[%emt 0:01:22]} Qc2 {[%emt 0:00:33]} 30. Qxc2 {[%emt 0:06:50]} Nxc2 {[%emt 0:00:03]} 31. Rxd8+ {[%emt 0:00:30]} Rxd8 {[%emt 0:00:03]} 32. Re2 {[%emt 0:00:17]} Rd1+ {[%emt 0:00:31]} 33. Kf2 {[%emt 0:00:31]} Na1 {[%emt 0:00:25]} 34. Bxa1 {[%emt 0:05:23]} Rxa1 {[%emt 0:00:06]} 35. e5 {[%emt 0:01:43]} Bxg2 {[%emt 0:01:24]} 36. Kxg2 {[%emt 0:00:03]} Rb1 {[%emt 0:00:22]} 37. Re3 {[%emt 0:01:10]} Kf8 {[%emt 0:00:22]} 38. Kf3 {[%emt 0:00:41]} Ke8 {[%emt 0:00:23]} 39. e6 {[%emt 0:01:10]} fxe6 {[%emt 0:01:16]} 40. Rxe6+ {[%emt 0:00:11]} 1-0

[Event "NOR-ch Elite 2019"]
[Site "Larvik"]
[Date "2019.07.09"]
[Round "5.12"]
[White "Skrondal, Inge Sandstad"]
[Black "Vitenberg, Noam Aviv"]
[Result "1/2-1/2"]
[WhiteElo "2312"]
[BlackElo "2300"]
[Annotator "NA"]
[PlyCount "81"]
[EventDate "2019.07.05"]
[EventType "swiss"]
[EventCountry "NOR"]
[SourceTitle "playchess.com"]
[Source "ChessBase"]
[SourceQuality "1"]
[TimeControl "40/5400+30:1800+30"]

1. Nf3 {[%emt 0:00:00]} Nf6 {[%emt 0:00:00]} 2. c4 {[%emt 0:00:00]} e6 {[%emt 0:00:06]} 3. Nc3 {[%emt 0:00:00]} d5 {[%emt 0:00:08]} 4. d4 {[%emt 0:00:05]} c5 {[%emt 0:00:22]} 5. cxd5 {[%emt 0:00:38]} Nxd5 {[%emt 0:00:09]} 6. e3 {[%emt 0:01:54]} Nc6 {[%emt 0:01:46]} 7. Bd3 {[%emt 0:00:40]} Nxc3 {[%emt 0:05:06]} 8. bxc3 {[%emt 0:00:15]} Be7 {[%emt 0:00:16]} 9. O-O {[%emt 0:00:40]} O-O {[%emt 0:04:51]} 10. Qe2 {[%emt 0:16:37]} b6 {[%emt 0:02:40]} 11. Rd1 {[%emt 0:00:13]} Qc7 {[%emt 0:01:07]} 12. Bb2 {[%emt 0:05:48]} Bb7 {[%emt 0:11:17]} 13. Rac1 {[%emt 0:01:02]} Rac8 {[%emt 0:00:47]} 14. e4 {[%emt 0:11:50]} Na5 {[%emt 0:09:50]} 15. Qe3 {[%emt 0:16:06]} Qb8 {[%emt 0:01:46]} 16. h4 {[%emt 0:01:49]} Qa8 {[%emt 0:02:59]} 17. Re1 {[%emt 0:09:19]} cxd4 {[%emt 0:03:41]} 18. cxd4 {[%emt 0:00:07]} Rxc1 {[%emt 0:01:31]} 19. Rxc1 {[%emt 0:00:51]} Rc8 {[%emt 0:00:11]} 20. Rxc8+ {[%emt 0:04:08]} Qxc8 {[%emt 0:02:22]} 21. Qe2 {[%emt 0:00:26]} Nc6 {[%emt 0:10:44]} 22. Bc4 {[%emt 0:09:26]} Bf6 {[%emt 0:07:52]} 23. h5 {[%emt 0:02:48]} Qd8 {[%emt 0:10:03]} 24. d5 {[%emt 0:08:23]} exd5 {[%emt 0:06:15]} 25. Bxd5 {[%emt 0:00:21]} Bxb2 {[%emt 0:00:50]} 26. Qxb2 {[%emt 0:00:02]} Na5 {[%emt 0:00:31]} 27. Qd4 {[%emt 0:02:03]} Bxd5 {[%emt 0:06:37]} 28. exd5 {[%emt 0:00:04]} Nb7 {[%emt 0:01:24]} 29. g4 {[%emt 0:03:54]} h6 {[%emt 0:00:19]} 30. Kg2 {[%emt 0:00:46]} Qd6 {[%emt 0:00:27]} 31. Qa4 {[%emt 0:01:16]} Qxd5 {[%emt 0:01:54]} 32. Qxa7 {[%emt 0:00:03]} b5 {[%emt 0:00:57]} 33. a3 {[%emt 0:01:34]} Nd6 {[%emt 0:00:38]} 34. Qd4 {[%emt 0:00:28]} Qc6 {[%emt 0:01:03]} 35. Kg3 {[%emt 0:01:06]} Ne4+ {[%emt 0:01:34]} 36. Kf4 {[%emt 0:00:05]} Nf6 {[%emt 0:02:09]} 37. Qd8+ {[%emt 0:00:49]} Kh7 {[%emt 0:00:16]} 38. Qd3+ {[%emt 0:00:09]} Kg8 {[%emt 0:01:36]} 39. Qd8+ {[%emt 0:00:02]} Kh7 {[%emt 0:00:11]} 40. Qd3+ {[%emt 0:00:29]} Kg8 {[%emt 0:01:27] Ke4} 41. Qd8+ 1/2-1/2

[Event "NOR-ch Elite 2019"]
[Site "Larvik"]
[Date "2019.07.09"]
[Round "5.13"]
[White "Altarbosh, Ward"]
[Black "Ingebretsen, Jens E"]
[Result "0-1"]
[WhiteElo "2202"]
[BlackElo "2276"]
[Annotator "NA"]
[PlyCount "98"]
[EventDate "2019.07.05"]
[EventType "swiss"]
[EventCountry "NOR"]
[SourceTitle "playchess.com"]
[Source "ChessBase"]
[SourceQuality "1"]
[TimeControl "40/5400+30:1800+30"]

1. e4 {[%emt 0:00:00]} e5 {[%emt 0:03:08]} 2. Nf3 {[%emt 0:00:00]} Nc6 {[%emt 0:00:10]} 3. Bb5 {[%emt 0:00:00]} a6 {[%emt 0:00:06]} 4. Ba4 {[%emt 0:00:00]} Nf6 {[%emt 0:00:21]} 5. O-O {[%emt 0:00:00]} Be7 {[%emt 0:00:15]} 6. Qe2 {[%emt 0:00:01]} b5 {[%emt 0:00:10]} 7. Bb3 {[%emt 0:00:08]} O-O {[%emt 0:00:38]} 8. c3 {[%emt 0:00:05]} d6 {[%emt 0:00:09]} 9. Rd1 {[%emt 0:00:05]} Bg4 {[%emt 0:08:56]} 10. h3 {[%emt 0:00:08]} Bh5 {[%emt 0:01:02]} 11. d3 {[%emt 0:01:34]} Qd7 {[%emt 0:01:28]} 12. Nbd2 {[%emt 0:00:09]} d5 {[%emt 0:03:07]} 13. exd5 {[%emt 0:02:47]} Nxd5 {[%emt 0:00:19]} 14. Ne4 {[%emt 0:00:52]} Rfe8 {[%emt 0:02:25]} 15. Ng3 {[%emt 0:01:41]} Bg6 {[%emt 0:00:39]} 16. Nxe5 {[%emt 0:02:19]} Nxe5 {[%emt 0:00:11]} 17. Qxe5 {[%emt 0:00:04]} c6 {[%emt 0:01:47]} 18. Bxd5 {[%emt 0:02:02]} cxd5 {[%emt 0:02:54]} 19. Qd4 {[%emt 0:02:43]} Rac8 {[%emt 0:02:15]} 20. Be3 {[%emt 0:06:06]} Rc6 {[%emt 0:09:41]} 21. a3 {[%emt 0:02:29]} Bc5 {[%emt 0:01:46]} 22. Qh4 {[%emt 0:01:01]} Bxe3 {[%emt 0:01:01]} 23. fxe3 {[%emt 0:00:01]} Rxe3 {[%emt 0:00:25]} 24. d4 {[%emt 0:00:04]} Rce6 {[%emt 0:00:55]} 25. Qf4 {[%emt 0:00:39]} h6 {[%emt 0:01:39]} 26. Rf1 {[%emt 0:00:08]} Qe8 {[%emt 0:02:11]} 27. Rf2 {[%emt 0:00:11]} Rf6 {[%emt 0:06:30]} 28. Qg4 {[%emt 0:09:53]} h5 {[%emt 0:06:08]} 29. Qg5 {[%emt 0:00:59]} Re1+ {[%emt 0:01:35]} 30. Rxe1 {[%emt 0:00:17]} Qxe1+ {[%emt 0:00:04]} 31. Rf1 {[%emt 0:00:13]} Rxf1+ {[%emt 0:00:31]} 32. Nxf1 {[%emt 0:00:04]} Bd3 {[%emt 0:00:34]} 33. Qf4 {[%emt 0:00:08]} Qb1 {[%emt 0:10:01]} 34. b4 {[%emt 0:01:10]} Qe1 {[%emt 0:03:04]} 35. Qf2 {[%emt 0:07:18]} Qa1 {[%emt 0:05:57]} 36. Qf3 {[%emt 0:01:35]} Bc4 {[%emt 0:04:08]} 37. Qf5 {[%emt 0:01:10]} g6 {[%emt 0:00:34]} 38. Qf3 {[%emt 0:02:30]} h4 {[%emt 0:07:05]} 39. Qf2 {[%emt 0:04:52]} g5 {[%emt 0:09:18]} 40. Qf6 {[%emt 0:04:34]} Qxf1+ {[%emt 0:01:05]} 41. Qxf1 {[%emt 0:30:02]} Bxf1 {[%emt 0:30:07]} 42. Kxf1 {[%emt 0:00:04]} f5 {[%emt 0:00:09]} 43. Kf2 {[%emt 0:02:29]} Kf7 {[%emt 0:00:04]} 44. Kf3 {[%emt 0:00:10]} Kf6 {[%emt 0:00:06]} 45. Ke2 {[%emt 0:24:59]} g4 {[%emt 0:02:05]} 46. Kd2 {[%emt 0:07:59]} Kg5 {[%emt 0:00:00]} 47. Ke2 {[%emt 0:09:31]} g3 {[%emt 0:00:00]} 48. c4 {[%emt 0:03:12]} dxc4 {[%emt 0:00:00]} 49. Kf3 {[%emt 0:02:30]} c3 {[%emt 0:00:00]} 0-1

[Event "NOR-ch Elite 2019"]
[Site "Larvik"]
[Date "2019.07.10"]
[Round "6.1"]
[White "Tari, Aryan"]
[Black "Holm, Kristian Stuvik"]
[Result "1/2-1/2"]
[WhiteElo "2620"]
[BlackElo "2469"]
[Annotator "TA"]
[PlyCount "73"]
[EventDate "2019.07.05"]
[EventType "swiss"]
[EventCountry "NOR"]
[SourceTitle "playchess.com"]
[Source "ChessBase"]
[SourceQuality "1"]

{[%evp 14,73,47,42,37,-29,-23,-29,-25,-35,-37,-33,-36,-45,-24,-66,-40,-41,-37,-43,-54,-54,-42,-38,-26,-65,-56,-57,0,0,0,0,-4,-64,-39,-306,-119,-87,-97,-111,-85,-113,-93,-75,0,0,0,0,0,0,25,-25,-18,-7,0,0,0,0,0,0,0,0]} 1. e4 d6 2. d4 Nf6 3. Nc3 g6 4. Be3 Bg7 5. Qd2 c6 6. f3 b5 7. O-O-O Nbd7 8. g4 Nb6 {B07: Pirc Defence: Miscellaneous Systems} 9. Bd3 (9. Bh6 $14 O-O 10. Bxg7 Kxg7 11. h4) (9. Bh6 Bxh6 10. Qxh6 b4 11. Nce2 a5 12. Nf4 a4 13. g5 Nfd7 14. Qg7 Rf8 15. Qxh7 e5 16. Ne6 fxe6 17. Qxg6+ {0-1 (74) Bulmaga,I (2420)-Javakhishvili,L (2438) Wroclaw 2017}) 9... h5 $1 $11 10. g5 Nfd7 {Black has an edge.} 11. f4 b4 $146 ({Predecessor:} 11... Nc4 12. Qe2 b4 13. Bxc4 bxc3 14. b3 Qa5 15. Kb1 Nb6 {1-0 (31) Leisebein,P (2122)-Goeft,J DESC email 2001}) 12. Nce2 c5 13. dxc5 dxc5 14. c4 Bb7 15. Qc2 a5 16. Nf3 a4 17. Rhf1 b3 18. axb3 axb3 19. Qxb3 Bc6 20. Nc3 $1 Na4 ({Black should play} 20... Bxc3 $1 $15 21. Qxc3 O-O) 21. e5 $1 Nxc3 22. Qxc3 O-O 23. Nd2 (23. Rf2 $11) 23... Qc7 $15 {[%cal Rd7e5] And now ...Nxe5! would win.} 24. Ne4 $2 {[%mdl 8192] [#]} (24. Bb1 $15) 24... Rfb8 $2 (24... Nxe5 $1 $19 {is more deadly.} 25. fxe5 Bxe5 {[%mdl 64] Double Attack}) 25. Nxc5 $17 Nxc5 26. Bxc5 Ba4 27. b4 {Threatens to win with Rd2.} Bxd1 28. Rxd1 Rd8 (28... Qc6 $17 29. Bb1 (29. Bxe7 Ra2 $11) 29... Qg2) 29. Bc2 $11 Qb7 30. Rxd8+ Rxd8 31. Kb2 Rc8 {[#] ...Rxc5 is the strong threat.} 32. Bd4 e6 33. c5 $132 {[%mdl 2048] The position is equal. White is not holding back} Bf8 34. Qc4 h4 35. b5 {aiming for c6.} Bxc5 36. Bxc5 {Strongly threatening Kc3.} Qc7 37. Bxg6 {Accuracy: White = 58%, Black = 68%.} 1/2-1/2